[Event "30. Internationales Böblinger Open"]
[Site "Böblingen"]
[Date "2013.12.27"]
[Round "3"]
[White "Winterberg, Lukas"]
[Black "Commercon, Simon"]
[Result "1/2-1/2"]
[WhiteElo "2305"]
[BlackElo "2164"]
[PlyCount "84"]
[EventDate "2013.12.26"]
[EventType "swiss"]
[EventRounds "9"]
[EventCountry "GER"]

1. e4 d5 2. exd5 Qxd5 3. Nc3 Qd6 4. Nf3 Nf6 5. d4 g6 6. g3 Bg7 7. Bg2 c6 8. O-O
O-O 9. Bf4 Qb4 10. a3 Qxb2 11. Na4 Qb5 12. Nc5 Nbd7 13. Rb1 Qa5 14. Bd2 Qc7 15.
Nd3 Re8 16. c4 Ne4 17. Bf4 Qd8 18. Qc2 Ndf6 19. Rfe1 Nd6 20. Red1 Bf5 21. a4
Be4 22. Be5 Qc8 23. Qb3 b6 24. Rb2 c5 25. a5 cxd4 26. axb6 axb6 27. Bxd6 exd6
28. Nxd4 Bxg2 29. Kxg2 Ne4 30. Nf4 Rb8 31. Re2 Re5 32. Nf3 Qb7 33. Rd5 Rxd5 34.
Nxd5 Nf6 35. Rd2 Nxd5 36. Rxd5 Qc6 37. Qd3 Rd8 38. Nd2 Re8 39. Nf3 Re6 40. h4
h6 41. Kh2 Rf6 42. Kg2 Re6 1/2-1/2

[Event "30. Internationales Böblinger Open"]
[Site "Böblingen"]
[Date "2013.12.28"]
[Round "4"]
[White "Bijlsma, Nick"]
[Black "Vujic, Branimir"]
[Result "1-0"]
[WhiteElo "2178"]
[BlackElo "2349"]
[PlyCount "51"]
[EventDate "2013.12.26"]
[EventType "swiss"]
[EventRounds "9"]
[EventCountry "GER"]

1. d4 d5 2. Nf3 Nf6 3. e3 Bf5 4. Be2 e6 5. O-O Nbd7 6. Nh4 Bg6 7. c4 c6 8. Nc3
Bd6 9. f4 Ne4 10. Nxg6 hxg6 11. Nxe4 dxe4 12. g3 Qe7 13. Bd2 O-O-O 14. Qa4 Kb8
15. b4 g5 16. c5 Bc7 17. Rab1 f5 18. b5 cxb5 19. Qxb5 b6 20. Ba5 gxf4 21. Qc6
Rxh2 22. Ba6 Nxc5 23. dxc5 Be5 24. Bxb6 Rb2 25. Rxb2 Bxb2 26. Bxd8 1-0

[Event "30. Internationales Böblinger Open"]
[Site "Böblingen"]
[Date "2013.12.28"]
[Round "4"]
[White "Burmakin, Vladimir"]
[Black "Winterberg, Lukas"]
[Result "1/2-1/2"]
[WhiteElo "2585"]
[BlackElo "2305"]
[PlyCount "70"]
[EventDate "2013.12.26"]
[EventType "swiss"]
[EventRounds "9"]
[EventCountry "GER"]

1. Nf3 Nf6 2. c4 e6 3. g3 b6 4. Bg2 Be7 5. Ne5 d5 6. cxd5 exd5 7. Qa4+ c6 8. d4
Bb7 9. O-O O-O 10. Nc3 b5 11. Qc2 Nbd7 12. Nxd7 Qxd7 13. b3 Rfe8 14. Bb2 Bb4
15. e3 a5 16. Ne2 a4 17. Nf4 Bd6 18. Nd3 axb3 19. axb3 Qf5 20. Bc3 Rxa1 21.
Rxa1 Ra8 22. Rxa8+ Bxa8 23. Qa2 Bb7 24. Bf1 h5 25. Bb4 Bxb4 26. Nxb4 Ne4 27.
Qc2 h4 28. gxh4 c5 29. dxc5 Qg4+ 30. Bg2 Nxc5 31. Qxc5 Qd1+ 32. Bf1 Qg4+ 33.
Bg2 Qd1+ 34. Bf1 Qg4+ 35. Bg2 Qd1+ 1/2-1/2

[Event "30. Internationales Böblinger Open"]
[Site "Böblingen"]
[Date "2013.12.28"]
[Round "4"]
[White "Commercon, Simon"]
[Black "Maiorov, Nikita"]
[Result "0-1"]
[WhiteElo "2164"]
[BlackElo "2552"]
[PlyCount "78"]
[EventDate "2013.12.26"]
[EventType "swiss"]
[EventRounds "9"]
[EventCountry "GER"]

1. d4 Nf6 2. Bg5 e6 3. e4 h6 4. Bxf6 Qxf6 5. c3 d6 6. Bd3 g6 7. Ne2 Bg7 8. O-O
e5 9. f4 Qe7 10. Nd2 O-O 11. Nf3 c5 12. Qd2 Nc6 13. d5 Nd8 14. fxe5 dxe5 15.
Ng3 b6 16. a4 c4 17. Bc2 Nb7 18. Qe2 Qc5+ 19. Kh1 Nd6 20. h3 Bd7 21. Nh2 Qc7
22. Rf3 Qd8 23. a5 b5 24. Qf2 Qe7 25. Nhf1 h5 26. Ne3 Qh4 27. Ngf5 Qxf2 28.
Ne7+ Kh7 29. Rxf2 Bh6 30. Re2 Rfe8 31. Nc6 Bxc6 32. dxc6 Bxe3 33. Rxe3 Rac8 34.
Rd1 Rxc6 35. b4 cxb3 36. Bxb3 Rec8 37. Rf3 Kg7 38. Rd5 R8c7 39. Rfd3 Nxe4 0-1

[Event "30. Internationales Böblinger Open"]
[Site "Böblingen"]
[Date "2013.12.28"]
[Round "4"]
[White "Degenhardt, Horst"]
[Black "Klaus, Dominik"]
[Result "1/2-1/2"]
[WhiteElo "2248"]
[BlackElo "1883"]
[PlyCount "29"]
[EventDate "2013.12.26"]
[EventType "swiss"]
[EventRounds "9"]
[EventCountry "GER"]

1. e4 d5 2. exd5 Qxd5 3. Nc3 Qa5 4. d4 Nf6 5. Bc4 c6 6. Qe2 Bf5 7. Bd2 e6 8. d5
cxd5 9. Nxd5 Qd8 10. Nxf6+ Qxf6 11. O-O-O Nc6 12. g4 Bg6 13. Nf3 Bd6 14. Bc3
Qf4+ 15. Qe3 1/2-1/2

[Event "30. Internationales Böblinger Open"]
[Site "Böblingen"]
[Date "2013.12.28"]
[Round "4"]
[White "Dorst, Johannes"]
[Black "Starostits, Ilmars"]
[Result "0-1"]
[WhiteElo "2222"]
[BlackElo "2458"]
[PlyCount "60"]
[EventDate "2013.12.26"]
[EventType "swiss"]
[EventRounds "9"]
[EventCountry "GER"]

1. e4 c6 2. d4 d5 3. Nc3 h6 4. Bd3 dxe4 5. Nxe4 Qxd4 6. Nf3 Qd8 7. O-O Nf6 8.
Qe2 Nxe4 9. Bxe4 Qc7 10. b4 Bg4 11. Bb2 Nd7 12. Qe3 Nf6 13. Ne5 Be6 14. c4 g5
15. f4 gxf4 16. Rxf4 Bg7 17. Bc2 h5 18. Nxf7 Kxf7 19. Qg3 Kg8 20. Re1 h4 21.
Qf2 Bf7 22. Be5 Qd8 23. Rd1 Qe8 24. Re1 Rh6 25. Rxh4 Rxh4 26. Qxh4 Bg6 27. Bb3
c5 28. Bd6 exd6 29. Rxe8+ Rxe8 30. Qg3 Ng4 0-1

[Event "30. Internationales Böblinger Open"]
[Site "Böblingen"]
[Date "2013.12.28"]
[Round "4"]
[White "Eisenbeiser, Amadeus"]
[Black "Schoen, Ralf"]
[Result "1-0"]
[WhiteElo "2341"]
[BlackElo "2158"]
[PlyCount "143"]
[EventDate "2013.12.26"]
[EventType "swiss"]
[EventRounds "9"]
[EventCountry "GER"]

1. e4 d5 2. exd5 Qxd5 3. Nc3 Qa5 4. d4 Nf6 5. Bc4 c6 6. Nf3 Bg4 7. h3 Bh5 8.
Bd2 e6 9. Qe2 Nbd7 10. O-O-O Bxf3 11. Qxf3 Qc7 12. Rhe1 O-O-O 13. Bb3 Bd6 14.
g4 h6 15. h4 Nf8 16. Kb1 h5 17. g5 Nd5 18. Ne2 b5 19. Ng3 Ng6 20. Rh1 Rh7 21.
Ne4 Bf4 22. Be1 Nde7 23. Nc5 Bd6 24. Ne4 Nf5 25. Nxd6+ Rxd6 26. Qe4 Rh8 27. Bb4
Rd7 28. a4 Rhd8 29. Bc5 a6 30. a5 Qb7 31. Bb6 Nd6 32. Qf3 Rh8 33. Rc1 Kb8 34.
c4 Ne7 35. Rhd1 bxc4 36. Bxc4 Nd5 37. Bf1 g6 38. Bc5 Nb5 39. Rd3 Ka8 40. Ka1
Rb8 41. Rd2 Rc8 42. Rdc2 Rdc7 43. Rc4 Rd7 44. Bg2 Qc7 45. Bb6 Qd6 46. Qe4 Kb7
47. Qc2 Ka8 48. Rxc6 Rxc6 49. Qxc6+ Qxc6 50. Rxc6 Kb7 51. Rc1 Kb8 52. Bc5 Kb7
53. b4 Kb8 54. Kb2 Kb7 55. Rc2 Kc6 56. Bf8+ Kb7 57. Bg7 Rc7 58. Rc5 Rd7 59. Be5
Rd8 60. f4 Ka7 61. Bf1 Nxb4 62. Bxb5 axb5 63. Rc7+ Ka6 64. Rxf7 Nd3+ 65. Kc3
Nxe5 66. fxe5 Rc8+ 67. Kb3 Rc4 68. Rd7 Kxa5 69. Rd6 Ra4 70. Kc3 Ra3+ 71. Kc2
Rh3 72. Rxe6 1-0

[Event "30. Internationales Böblinger Open"]
[Site "Böblingen"]
[Date "2013.12.28"]
[Round "4"]
[White "Gavrilov, Alexei V"]
[Black "Schneider, Bernd"]
[Result "1-0"]
[WhiteElo "2452"]
[BlackElo "2240"]
[PlyCount "55"]
[EventDate "2013.12.26"]
[EventType "swiss"]
[EventRounds "9"]
[EventCountry "GER"]

1. d4 Nf6 2. Nf3 c5 3. d5 d6 4. Nc3 g6 5. e4 a6 6. a4 Bg7 7. Be2 O-O 8. O-O h6
9. Nd2 e5 10. Nc4 Ne8 11. f4 exf4 12. Bxf4 Qc7 13. a5 Nd7 14. Na4 Rb8 15. Bg4
Ne5 16. Nxe5 Bxe5 17. Bxh6 Bxg4 18. Qxg4 Ng7 19. Bd2 Rfe8 20. Rf3 Nh5 21. Raf1
Re7 22. Bg5 Rbe8 23. Bxe7 Rxe7 24. Nb6 Kg7 25. Rh3 Nf6 26. Qh4 Ng8 27. Qh7+ Kf8
28. Qxg6 1-0

[Event "30. Internationales Böblinger Open"]
[Site "Böblingen"]
[Date "2013.12.28"]
[Round "4"]
[White "Janzelj, Tim"]
[Black "Fedorovsky, Michael"]
[Result "0-1"]
[WhiteElo "2282"]
[BlackElo "2388"]
[PlyCount "52"]
[EventDate "2013.12.26"]
[EventType "swiss"]
[EventRounds "9"]
[EventCountry "GER"]

1. d4 Nf6 2. c4 e6 3. Nf3 d5 4. Nc3 c5 5. cxd5 cxd4 6. Qa4+ b5 7. Nxb5 Bd7 8.
e4 dxe3 9. Bxe3 Nxd5 10. Qe4 Bb4+ 11. Bd2 Bxd2+ 12. Nxd2 O-O 13. Nd4 Nc6 14.
Nxc6 Bxc6 15. Rc1 Rc8 16. Ba6 Bb7 17. Rxc8 Qxc8 18. Bc4 Nb6 19. Qf4 e5 20. Qh4
Rd8 21. Qe7 Nxc4 22. Nxc4 Bxg2 23. Rg1 Bf3 24. Rxg7+ Kxg7 25. Qxe5+ f6 26. Qg3+
Qg4 0-1

[Event "30. Internationales Böblinger Open"]
[Site "Böblingen"]
[Date "2013.12.28"]
[Round "4"]
[White "Kachar, Vladimir"]
[Black "Becker, Matthias"]
[Result "1-0"]
[WhiteElo "2290"]
[BlackElo "2148"]
[PlyCount "117"]
[EventDate "2013.12.26"]
[EventType "swiss"]
[EventRounds "9"]
[EventCountry "GER"]

1. d4 Nf6 2. c4 e5 3. dxe5 Ng4 4. Bf4 g5 5. Bc1 Nxe5 6. Nf3 Nxf3+ 7. exf3 Bg7
8. Qe2+ Kf8 9. Nc3 Nc6 10. Be3 d6 11. Qd2 h6 12. Be2 Bf5 13. O-O Kg8 14. Rad1
Kh7 15. Bd3 Bg6 16. Bxg6+ fxg6 17. Nd5 Rc8 18. f4 gxf4 19. Nxf4 Qf6 20. Nd5 Qf7
21. f4 Rhf8 22. Bf2 Ne7 23. g3 Nf5 24. b3 b6 25. Qd3 c6 26. Ne3 Rcd8 27. Nxf5
Qxf5 28. Qxf5 Rxf5 29. Rfe1 Rf7 30. Re6 Rfd7 31. g4 Bc3 32. Kg2 Bb4 33. Rd3 Rf8
34. Be3 Rdf7 35. Bc1 a5 36. Rh3 Rf6 37. Re2 R6f7 38. f5 gxf5 39. Rxh6+ Kg8 40.
g5 f4 41. Kf3 Bc3 42. Bb2 Bxb2 43. Rxb2 Re7 44. Re2 Rxe2 45. Kxe2 b5 46. Rxd6
bxc4 47. bxc4 Rb8 48. Kf3 Rb2 49. h4 Rh2 50. Kg4 f3 51. Rxc6 Rxa2 52. Kxf3 Rc2
53. h5 a4 54. h6 Kh7 55. Kf4 Rf2+ 56. Ke5 Re2+ 57. Kd5 a3 58. Ra6 a2 59. c5 1-0

[Event "30. Internationales Böblinger Open"]
[Site "Böblingen"]
[Date "2013.12.28"]
[Round "4"]
[White "Kersten, Uwe"]
[Black "Stimpel, Franz"]
[Result "1-0"]
[WhiteElo "2280"]
[BlackElo "2152"]
[PlyCount "63"]
[EventDate "2013.12.26"]
[EventType "swiss"]
[EventRounds "9"]
[EventCountry "GER"]

1. d4 Nf6 2. g3 g6 3. Bg2 Bg7 4. e4 d6 5. Nc3 O-O 6. Nge2 e5 7. h3 Nc6 8. Be3
exd4 9. Nxd4 Bd7 10. O-O a6 11. Re1 Re8 12. a4 Nxd4 13. Bxd4 Qc8 14. Kh2 Bc6
15. a5 h5 16. Qd3 Qd7 17. Nd5 Bxd5 18. exd5 Rxe1 19. Rxe1 Re8 20. Rxe8+ Nxe8
21. b4 Bxd4 22. Qxd4 Qb5 23. Be4 Qe2 24. Bd3 Qe1 25. Kg2 Kf8 26. h4 Qd2 27. Qf4
Qxf4 28. gxf4 f5 29. b5 Nf6 30. bxa6 bxa6 31. Bxa6 Nxd5 32. Bb7 1-0

[Event "30. Internationales Böblinger Open"]
[Site "Böblingen"]
[Date "2013.12.28"]
[Round "4"]
[White "Kvetny, Mark"]
[Black "Novoselski, Zoran"]
[Result "1/2-1/2"]
[WhiteElo "2239"]
[BlackElo "2381"]
[PlyCount "61"]
[EventDate "2013.12.26"]
[EventType "swiss"]
[EventRounds "9"]
[EventCountry "GER"]

1. d4 e6 2. c4 f5 3. Nc3 Nf6 4. Nf3 Be7 5. Qc2 O-O 6. e4 Nxe4 7. Nxe4 fxe4 8.
Qxe4 Bb4+ 9. Bd2 Bxd2+ 10. Nxd2 d5 11. Qe3 Nc6 12. Nf3 Qd6 13. c5 Qf4 14. Bb5
Nd8 15. O-O Qxe3 16. fxe3 Nf7 17. Rae1 a6 18. Ba4 Rd8 19. e4 Bd7 20. Bb3 Bb5
21. Rf2 Rd7 22. exd5 exd5 23. Ne5 Nxe5 24. Rxe5 Rad8 25. Bc2 g6 26. h4 Rf7 27.
h5 Rxf2 28. Kxf2 gxh5 29. Rxh5 Re8 30. Bd1 c6 31. Bf3 1/2-1/2

[Event "30. Internationales Böblinger Open"]
[Site "Böblingen"]
[Date "2013.12.28"]
[Round "4"]
[White "Malek, Daniel"]
[Black "Makka, Ioulia"]
[Result "1-0"]
[WhiteElo "2389"]
[BlackElo "2165"]
[PlyCount "59"]
[EventDate "2013.12.26"]
[EventType "swiss"]
[EventRounds "9"]
[EventCountry "GER"]

1. d4 Nf6 2. c4 e6 3. Nc3 Bb4 4. Qc2 O-O 5. a3 Bxc3+ 6. Qxc3 d6 7. f3 Nbd7 8.
e4 e5 9. Ne2 a5 10. Be3 Re8 11. O-O-O a4 12. g4 Qe7 13. Ng3 Nb8 14. g5 Nfd7 15.
Nf5 Qf8 16. Bd3 Nc6 17. d5 Ne7 18. h4 Nc5 19. Bc2 Nb3+ 20. Kb1 Nxf5 21. exf5 f6
22. Rhg1 Kh8 23. g6 Re7 24. gxh7 Qe8 25. Rg6 e4 26. Rxf6 exf3 27. Rg6 Qf7 28.
f6 Qf8 29. fxg7+ Rxg7 30. Bh6 1-0

[Event "30. Internationales Böblinger Open"]
[Site "Böblingen"]
[Date "2013.12.28"]
[Round "4"]
[White "Matnadze, Ana"]
[Black "Barthel, Ansgar"]
[Result "1/2-1/2"]
[WhiteElo "2382"]
[BlackElo "2225"]
[PlyCount "91"]
[EventDate "2013.12.26"]
[EventType "swiss"]
[EventRounds "9"]
[EventCountry "GER"]

1. d4 d5 2. Nf3 Nc6 3. e3 e6 4. c4 Nf6 5. Nc3 Bd6 6. Bd3 O-O 7. O-O dxc4 8.
Bxc4 e5 9. d5 Ne7 10. e4 Ng6 11. Re1 a6 12. Bf1 Qe7 13. a4 h6 14. g3 Bd7 15. h3
Rfe8 16. Nd2 Rad8 17. Nc4 Bc5 18. Be3 Bc8 19. Bg2 Bxe3 20. Nxe3 Qb4 21. Qc2 c6
22. Rac1 Ne7 23. Red1 cxd5 24. exd5 Bd7 25. b3 Nc8 26. Nc4 b5 27. axb5 axb5 28.
Na2 Qc5 29. Na5 Qxc2 30. Rxc2 Nd6 31. Nc6 Rc8 32. Nab4 Kf8 33. Ra2 e4 34. Ra6
Nf5 35. g4 Nh4 36. Nd4 Nxg2 37. Kxg2 Rc3 38. Rh1 Rc5 39. d6 h5 40. Ra7 Rg5 41.
f4 exf3+ 42. Nxf3 Rg6 43. Nh4 Rg5 44. Nf3 Rg6 45. Nh4 Rg5 46. Nf3 1/2-1/2

[Event "30. Internationales Böblinger Open"]
[Site "Böblingen"]
[Date "2013.12.28"]
[Round "4"]
[White "Milov, Leonid"]
[Black "Smith, Thijmen"]
[Result "1/2-1/2"]
[WhiteElo "2525"]
[BlackElo "2188"]
[PlyCount "88"]
[EventDate "2013.12.26"]
[EventType "swiss"]
[EventRounds "9"]
[EventCountry "GER"]

1. e4 c5 2. Nf3 d6 3. d4 cxd4 4. Nxd4 Nf6 5. Nc3 a6 6. Bg5 Nbd7 7. Qe2 h6 8.
Bd2 Qb6 9. Nb3 e6 10. f4 Qc7 11. g4 Be7 12. O-O-O g5 13. e5 dxe5 14. fxg5 hxg5
15. Bxg5 b6 16. Bg2 Bb7 17. Bxb7 Qxb7 18. Bxf6 Bxf6 19. Ne4 Be7 20. Rhf1 f6 21.
Nd6+ Bxd6 22. Rxd6 Ke7 23. Rfd1 Nf8 24. g5 Rh4 25. gxf6+ Kxf6 26. Re1 Ng6 27.
Qf2+ Rf4 28. Qg1 Nh4 29. Rxb6 Qh7 30. Qc5 Nf3 31. Rd1 Rg8 32. Qd6 Qf5 33. Rb7
Rh4 34. Qe7+ Kg6 35. Rb6 Rxh2 36. Qxe6+ Qxe6 37. Rxe6+ Kf5 38. Rxa6 e4 39. Ra5+
Kf4 40. Ra4 Rgg2 41. Rc4 Kg3 42. Rc3 e3 43. Rxe3 Rxc2+ 44. Kb1 Rxb2+ 1/2-1/2

[Event "30. Internationales Böblinger Open"]
[Site "Böblingen"]
[Date "2013.12.28"]
[Round "4"]
[White "Nasshan, Dennis"]
[Black "Vuckovic, Aleksandar"]
[Result "1/2-1/2"]
[WhiteElo "2162"]
[BlackElo "2317"]
[PlyCount "90"]
[EventDate "2013.12.26"]
[EventType "swiss"]
[EventRounds "9"]
[EventCountry "GER"]

1. d4 Nf6 2. Bg5 e6 3. e4 h6 4. Bxf6 Qxf6 5. c3 c5 6. e5 Qd8 7. f4 cxd4 8. cxd4
Qb6 9. Qd2 Nc6 10. Nf3 g5 11. h3 d6 12. Nc3 gxf4 13. Bb5 Bd7 14. Qxf4 Rg8 15.
g4 dxe5 16. Nxe5 Nxe5 17. Qxe5 Bxb5 18. Qxb5+ Qxb5 19. Nxb5 Rc8 20. Kd2 a6 21.
Nc3 h5 22. Rhg1 hxg4 23. Rxg4 Rxg4 24. hxg4 Bg7 25. Ne2 Ke7 26. Rh1 Rc4 27. b3
Rb4 28. Ke3 Rb5 29. Rd1 Ra5 30. a4 Rg5 31. Kf3 Rg6 32. Rc1 Kd7 33. Rh1 Bh6 34.
Rh5 Bg5 35. Nf4 Bxf4 36. Kxf4 Rf6+ 37. Ke4 Rf2 38. d5 Re2+ 39. Kf4 Rb2 40.
dxe6+ Kxe6 41. Rh3 f6 42. Rd3 Rb1 43. Ke4 Rg1 44. Kf4 Rb1 45. Ke4 Rg1 1/2-1/2

[Event "30. Internationales Böblinger Open"]
[Site "Böblingen"]
[Date "2013.12.28"]
[Round "4"]
[White "Noe, Christopher"]
[Black "Ruff, Maximilian"]
[Result "1-0"]
[WhiteElo "2253"]
[BlackElo "2123"]
[PlyCount "81"]
[EventDate "2013.12.26"]
[EventType "swiss"]
[EventRounds "9"]
[EventCountry "GER"]

1. Nf3 Nf6 2. g3 g6 3. Bg2 Bg7 4. O-O O-O 5. c4 c5 6. d4 d6 7. Nc3 Nc6 8. dxc5
dxc5 9. Be3 Be6 10. Rc1 Bxc4 11. Qa4 Be6 12. Rfd1 Qb6 13. Qa3 Qb4 14. Bxc5 Qxa3
15. Bxa3 Bh6 16. e3 Rfd8 17. Ne1 Kf8 18. Nc2 Rac8 19. Rxd8+ Rxd8 20. Bc5 Nd5
21. Bxd5 Bxd5 22. Rd1 Bc4 23. Rxd8+ Nxd8 24. Bxa7 Nc6 25. Bc5 Bg7 26. Nd4 Ne5
27. b3 Nd3 28. Ba3 Ba6 29. Nd5 Ne1 30. Bxe7+ Ke8 31. Bf6 Bxf6 32. Nxf6+ Ke7 33.
Nd5+ Kd6 34. Nb4 Kc5 35. a3 h5 36. Nxa6+ bxa6 37. Kf1 Nd3 38. Ke2 Ne5 39. Nf3
Ng4 40. h3 Nf6 41. Ne5 1-0

[Event "30. Internationales Böblinger Open"]
[Site "Böblingen"]
[Date "2013.12.28"]
[Round "4"]
[White "Schmidt, Tobias"]
[Black "Wagener, Claude"]
[Result "0-1"]
[WhiteElo "1955"]
[BlackElo "2217"]
[PlyCount "68"]
[EventDate "2013.12.26"]
[EventType "swiss"]
[EventRounds "9"]
[EventCountry "GER"]

1. e4 c5 2. c3 d5 3. exd5 Qxd5 4. d4 Nc6 5. Nf3 Bg4 6. dxc5 Qxd1+ 7. Kxd1 e5 8.
b4 a5 9. b5 Nd8 10. Be3 Ne7 11. Kc2 f6 12. Nbd2 Nd5 13. Ne4 Rc8 14. Rd1 Nxe3+
15. fxe3 Bxc5 16. Nd6+ Bxd6 17. Rxd6 Ke7 18. Rd2 Ne6 19. Be2 Bf5+ 20. Kb2 Nc5
21. Rc1 Rc7 22. Nh4 Be6 23. c4 Rhc8 24. g4 g6 25. Rdc2 e4 26. Kc3 b6 27. Ng2
Nd3 28. Bxd3 exd3 29. Kxd3 Rd8+ 30. Ke2 Bxg4+ 31. Kf2 Bf5 32. Rb2 Rdc8 33. Nf4
Be4 34. Rbc2 g5 0-1

[Event "30. Internationales Böblinger Open"]
[Site "Böblingen"]
[Date "2013.12.28"]
[Round "4"]
[White "Schulze, Ulrich"]
[Black "Lambert, Andreas"]
[Result "1/2-1/2"]
[WhiteElo "2309"]
[BlackElo "2144"]
[PlyCount "41"]
[EventDate "2013.12.26"]
[EventType "swiss"]
[EventRounds "9"]
[EventCountry "GER"]

1. d4 Nf6 2. Nf3 e6 3. c4 Bb4+ 4. Bd2 Qe7 5. g3 Nc6 6. Nc3 Bxc3 7. Bxc3 Ne4 8.
Rc1 O-O 9. Bg2 d6 10. d5 Nxc3 11. Rxc3 Nb8 12. dxe6 fxe6 13. Nd4 c6 14. O-O Nd7
15. Bxc6 bxc6 16. Nxc6 Qe8 17. Qxd6 Nf6 18. f3 a5 19. Ne7+ Kh8 20. Nxc8 Qxc8
21. Rd1 1/2-1/2

[Event "30. Internationales Böblinger Open"]
[Site "Böblingen"]
[Date "2013.12.28"]
[Round "4"]
[White "Wettengel, Alexander"]
[Black "Schmid, Roland"]
[Result "1/2-1/2"]
[WhiteElo "2095"]
[BlackElo "2261"]
[PlyCount "144"]
[EventDate "2013.12.26"]
[EventType "swiss"]
[EventRounds "9"]
[EventCountry "GER"]

1. e4 e6 2. d4 d5 3. exd5 exd5 4. Nc3 Bb4 5. Bd3 Nc6 6. a3 Bxc3+ 7. bxc3 Be6 8.
Rb1 b6 9. Nf3 Nge7 10. O-O O-O 11. Ng5 Bf5 12. Bxf5 Nxf5 13. Qd3 Nce7 14. Re1
h6 15. Nf3 Nd6 16. Ne5 Qc8 17. Bf4 Qf5 18. Qxf5 Ndxf5 19. g4 Nh4 20. Re3 Rfc8
21. Bg3 Nhg6 22. Nd3 f5 23. Rbe1 Kf8 24. h4 Ng8 25. gxf5 N6e7 26. Re5 c6 27.
Nf4 Re8 28. Ne6+ Kf7 29. Nc7 Rac8 30. Nxe8 Rxe8 31. h5 Rc8 32. Bh4 Rc7 33. Kg2
Nc8 34. Re6 Nce7 35. R6e5 Nc8 36. Kf3 Nd6 37. Bg3 Rd7 38. Re6 Ne4 39. Rxc6 Ne7
40. Rc7 Rxc7 41. Bxc7 Nxc3 42. Be5 Nxf5 43. Kf4 Nh4 44. Kg4 g5 45. hxg6+ Nxg6
46. Re3 Ne4 47. f3 Nd2 48. f4 Ne4 49. f5 Ne7 50. Kf4 Ng5 51. Rc3 Ke8 52. Rc7
Nh3+ 53. Kg4 Nf2+ 54. Kf3 Ne4 55. Kf4 a5 56. f6 Ng6+ 57. Kf5 Nf8 58. Rb7 Ng5
59. Rxb6 a4 60. Bf4 Nf3 61. Bxh6 Nxd4+ 62. Ke5 Nd7+ 63. Kxd4 Nxb6 64. Kc5 Nd7+
65. Kxd5 Nxf6+ 66. Kc6 Ne4 67. Kb5 Kd7 68. Kxa4 Kc6 69. Kb4 Nf6 70. c4 Ne4 71.
Be3 Nd6 72. a4 Nxc4 1/2-1/2

[Event "30. Internationales Böblinger Open"]
[Site "Böblingen"]
[Date "2013.12.28"]
[Round "5"]
[White "Andraschko, Felix"]
[Black "Dorst, Johannes"]
[Result "0-1"]
[WhiteElo "2143"]
[BlackElo "2222"]
[PlyCount "86"]
[EventDate "2013.12.26"]
[EventType "swiss"]
[EventRounds "9"]
[EventCountry "GER"]

1. Nf3 c5 2. c4 Nc6 3. d4 cxd4 4. Nxd4 e6 5. Nc3 Bc5 6. Nb3 Bb4 7. Bd2 Nf6 8.
a3 Be7 9. Bf4 O-O 10. g3 d6 11. Bg2 Nh5 12. Bd2 Ne5 13. e4 Nd3+ 14. Kf1 Nf6 15.
Qe2 Qb6 16. Qxd3 Qxb3 17. Bf3 Nd7 18. Bd1 Qxb2 19. Ra2 Qb6 20. Be3 Ne5 21. Qe2
Qc6 22. Bb3 f5 23. f4 fxe4 24. Kg2 Nd3 25. Rc2 b6 26. Ba4 Qb7 27. Rd1 Bf6 28.
Kg1 Bxc3 29. Rxc3 e5 30. fxe5 Nxe5 31. Rxd6 Bg4 32. Qb2 Qf7 33. Bf4 Ng6 34.
Rxg6 Qxg6 35. c5 bxc5 36. Rxc5 Qf6 37. Qxf6 Rxf6 38. Bc6 Rc8 39. Bd5+ Kh8 40.
Rxc8+ Bxc8 41. Bxe4 Ra6 42. h4 Rxa3 43. Kf2 Bg4 0-1

[Event "30. Internationales Böblinger Open"]
[Site "Böblingen"]
[Date "2013.12.28"]
[Round "5"]
[White "Degenhardt, Horst"]
[Black "Schmidt, Olaf"]
[Result "1-0"]
[WhiteElo "2248"]
[BlackElo "2147"]
[PlyCount "89"]
[EventDate "2013.12.26"]
[EventType "swiss"]
[EventRounds "9"]
[EventCountry "GER"]

1. e4 d6 2. d4 Nf6 3. Nc3 g6 4. h3 Bg7 5. Be3 O-O 6. f4 d5 7. e5 Ne4 8. Nxe4
dxe4 9. Bc4 c5 10. dxc5 Qc7 11. c3 Na6 12. b4 Kh8 13. Ne2 b6 14. Qb3 bxc5 15.
b5 Nb8 16. Bd5 Bb7 17. Bxb7 Qxb7 18. Bxc5 Nd7 19. Bd4 Rac8 20. O-O Nc5 21. Qb4
Nd3 22. Qa5 Rc7 23. Rab1 Rd7 24. Nc1 g5 25. Nxd3 exd3 26. f5 g4 27. Qa6 Qb8 28.
Qc6 Rc7 29. Qe4 gxh3 30. gxh3 Rg8 31. Kh1 Rd7 32. Rg1 Rdd8 33. Rbd1 Qxb5 34.
Rxd3 Bh6 35. Rdd1 Qb2 36. Rg2 Rxg2 37. Qxg2 Qxc3 38. Bxc3 Rxd1+ 39. Qg1 Rxg1+
40. Kxg1 Be3+ 41. Kg2 a6 42. Kf3 Bc5 43. f6 h5 44. Ke4 Kh7 45. Bd4 1-0

[Event "30. Internationales Böblinger Open"]
[Site "Böblingen"]
[Date "2013.12.28"]
[Round "5"]
[White "Gschnitzer, Oswald"]
[Black "Kersten, Uwe"]
[Result "1/2-1/2"]
[WhiteElo "2426"]
[BlackElo "2280"]
[PlyCount "117"]
[EventDate "2013.12.26"]
[EventType "swiss"]
[EventRounds "9"]
[EventCountry "GER"]

1. d4 Nf6 2. Nf3 e6 3. c4 c5 4. d5 exd5 5. cxd5 d6 6. Nc3 a6 7. e4 b5 8. Bd3 g6
9. h3 Bg7 10. O-O O-O 11. Re1 Bb7 12. Bf4 Qb6 13. a3 Nbd7 14. Qd2 Rfe8 15. Rad1
c4 16. Bc2 Nc5 17. Nd4 Rac8 18. Bh6 Bh8 19. Kh1 Nfd7 20. f4 Nd3 21. Bxd3 Qxd4
22. Bc2 Qxd2 23. Rxd2 f5 24. Rde2 Bxc3 25. bxc3 fxe4 26. Rxe4 Kf7 27. f5 Nf6
28. fxg6+ hxg6 29. Rf1 Rxe4 30. Bxe4 Re8 31. Bg5 Rxe4 32. Rxf6+ Ke8 33. Rxd6
Re5 34. Re6+ Rxe6 35. dxe6 Bd5 36. e7 Bf7 37. Kg1 Kd7 38. Kf2 Ke6 39. Kf3 Kf5
40. Be3 Bd5+ 41. Kg3 Bc6 42. Bc5 a5 43. Kf2 Ke4 44. Ke2 Kd5 45. Be3 Ke6 46. Bg5
Kf5 47. h4 Ke4 48. g4 Be8 49. Be3 a4 50. Bg5 Bf7 51. Bf6 Be8 52. Bg5 Bf7 53.
Be3 Be8 54. Bc5 Kf4 55. g5 Ke4 56. Kf2 Bf7 57. Kg3 Be8 58. Bb4 Bf7 59. Bc5
1/2-1/2

[Event "30. Internationales Böblinger Open"]
[Site "Böblingen"]
[Date "2013.12.28"]
[Round "5"]
[White "Heimrath, Reiner"]
[Black "Nasshan, Dennis"]
[Result "1/2-1/2"]
[WhiteElo "2271"]
[BlackElo "2162"]
[PlyCount "111"]
[EventDate "2013.12.26"]
[EventType "swiss"]
[EventRounds "9"]
[EventCountry "GER"]

1. e4 e6 2. Qe2 c5 3. Nf3 Nc6 4. c3 d5 5. exd5 Qxd5 6. Na3 Nf6 7. d4 cxd4 8.
Nb5 Qd8 9. Nbxd4 Nxd4 10. Nxd4 Be7 11. Qb5+ Qd7 12. Be2 O-O 13. Qxd7 Bxd7 14.
Bf3 e5 15. Nb3 Rab8 16. O-O Rfe8 17. Re1 Bf8 18. Bg5 h6 19. Bh4 e4 20. Be2 g5
21. Bg3 Rbd8 22. h4 Nd5 23. hxg5 hxg5 24. Na5 Nf4 25. Bxf4 gxf4 26. Rad1 Bc6
27. Nxc6 bxc6 28. Kf1 Kg7 29. Bg4 Rd5 30. c4 Rxd1 31. Rxd1 Bc5 32. Bd7 Rd8 33.
Ke2 Kf6 34. Bxc6 Rxd1 35. Kxd1 Ke5 36. Ke2 a5 37. b3 f5 38. Bd7 Bb4 39. f3 Bc5
40. Kd2 Bb4+ 41. Kc2 Bc5 42. Be8 Bb4 43. Bh5 Bc5 44. fxe4 fxe4 45. Kd2 Kd4 46.
Ke2 Kc3 47. Bg6 Kb2 48. Bxe4 Kxa2 49. Bc2 Kb2 50. Kd2 Bb4+ 51. Kd1 Kc3 52. Kc1
Bc5 53. Bd1 Bb4 54. Kb1 a4 55. bxa4 Kxc4 56. Kc2 1/2-1/2